LEADER 01159nam a2200289 a 4500 001 000000131680 003 CaOOAMICUS 005 20121127104318.0 008 121127s1981 it a u000 u ita r 040 $aPUL$bita 041 1 $aita$heng 100 1 $aCipolla, Carlo M.,$d1922-2000.$0(OLS)http://pul/name/12851 240 10$aClocks and culture 1300-1700.$lItaliano.$0(OLS)http://pul/title/166372 245 13$aLe macchine del tempo :$bl'orologio e la societą (1300-1700) /$cCarlo M. Cipolla. 260 $aBologna :$bIl Mulino,$c1981. 300 $a145 p. :$bill. ;$c22 cm 490 1 $aSaggi ;$v212 504 $aBibliografia p. 121-141. 650 4$aTempo.$0(OLS)http://pul/subject/523 830 0$aSaggi (Il Mulino) ;$v212.$0(OLS)http://pul/title/7843 850 $aPUL 852 $aPUL$W1$xDP1 Fondo E. Rossi$y115$m1 C 71$j42041$qFondi$B150910$CPULBib$Z2$F150910 $82 941 1 $a1 961 $aSul dorso collocazione ms. di E. Rossi: C 52 996 $6245$aLe macchine del tempo :$bl'orologio e la societą (1300-1700)$9(OLS)http://pul/title/166371 996 $6260$aBologna :$bIl Mulino$9(OLS)http://pul/publisher/47928 LEADER 01605nam a2200325 a 4500 001 000000112238 003 CaOOAMICUS 005 20150518131424.0 008 080701m20052008it u000 u lat r 020 $a88-210-0772-3 020 $a978-88-210-0829-0 (v. 2) 040 $aPUU$bita$div$dPUL$dLDB 245 00$aCollectio canonum trium librorum /$cedidit Joseph Motta. 260 $aCittą del Vaticano :$bBiblioteca Apostolica Vaticana,$c2005- 300 $a2 v. ;$c26 cm 490 1 $aMonumenta iuris canonici.$aSeries B, Corpus collectionum ;$v008 504 $aInclude riferimenti bibliografici. 505 1 $aPars prior: Liber I er II. -- Pars Altera Liber III et Appendix. 650 4$aDiritto canonico$xStoria$xFonti.$0(OLS)http://pul/subject/3092 700 1 $aMotta, Giuseppe.$0(OLS)http://pul/name/15436 830 0$aMonumenta iuris canonici.$nSeries B,$pCorpus collectionum ;$v008.$0(OLS)http://pul/title/14331 850 $aPUL 852 $aPUL$W1$xSL Diritto Canonico 1$y5$m145 H 30$j128464$qStampati$B127342$CPULBib$Z2$F127342 $H107844 $82 852 $aPUL$W1$xSL Diritto Canonico 1$y5$m145 H 30.2$j165481$av. 2$qStampati$B165746$CPULBib$Z2$F165746 $H125814 $82 941 1 $a8 996 $6020$a88-210-0772-3$9(OLS)http://pul/number/138268 996 $6020$a978-88-210-0829-0 (v. 2)$9(OLS)http://pul/number/157554 996 $6245$aCollectio canonum trium librorum$9(OLS)http://pul/title/141080 996 $6260$aCittą del Vaticano :$bBiblioteca Apostolica Vaticana$9(OLS)http://pul/publisher/48729